Старинные французские сказки: для среднего школьного возраста

Մատենագիտական մանրամասներ
Այլ հեղինակներ: Акимова Е. Н. (переводчик), Чистова Л. В.
Լեզու:ռուսերեն
Հրապարակվել է: Саратов, Регион. приволж. изд-во "Детская книга", 1993
Շարք:Антикварная библиотечка
Խորագրեր:
Ձևաչափ: Գիրք
KOHA link:https://koha.lib.tpu.ru/cgi-bin/koha/opac-detail.pl?biblionumber=162299

MARC

LEADER 00000nam0a2200000 4500
001 162299
005 20231031160326.0
010 |a 5827000256 
020 |a RU  |b 93-22727 
035 |a (RuTPU)RU\TPU\book\176011 
090 |a 162299 
100 |a 20090619d1993 d y0rusy5003 ca 
101 1 |a rus  |c fre 
102 |a RU 
105 |a a z 000ay 
200 1 |a Старинные французские сказки  |e для среднего школьного возраста  |f пер. с фр. Е. Н. Акимова ; Л. В. Чистова 
210 |a Саратов  |c Регион. приволж. изд-во "Детская книга"  |d 1993 
215 |a 192 с.  |c ил.  |d 22 см 
225 1 |a Антикварная библиотечка  |e АБ 
610 1 |a детская литература 
610 1 |a французская литература 
610 1 |a сказки 
610 1 |a 19 век 
675 |a 84  |z rus 
702 1 |a Акимова  |b Е. Н.  |4 730 
702 1 |a Чистова  |b Л. В.  |4 730 
801 0 |a RU  |b RuMRKP  |c 19950413  |g psbo 
801 1 |a RU  |b 63413507  |c 20090619  |g PSBO 
801 2 |a RU  |b 63413507  |c 20141226  |g PSBO 
942 |c BK